Instrucciones generales en forma de catecismo (Record no. 8401)

MARC details
000 -CABECERA
campo de control de longitud fija 01302nam a2200229 a 4500
001 - NÚMERO DE CONTROL
campo de control BRCA_8749
005 - FECHA Y HORA DE LA ÚLTIMA TRANSACCIÓN
campo de control 20190320210407.0
008 - DATOS DE LONGITUD FIJA--INFORMACIÓN GENERAL
campo de control de longitud fija 100317s1784----sp-#######---#000-0#spa-#
041 ## - CÓDIGO DE LENGUA
Código de lengua del texto/banda sonora o título independiente spa
044 ## - CÓDIGO DEL PAÍS DE LA ENTIDAD EDITORA/PRODUCTORA
Código MARC del país sp
084 ## - OTRO NÚMERO DE CLASIFICACIÓN
Número de clasificación BE112
Número de documento/Ítem .P68 1784
100 1# - ENTRADA PRINCIPAL--NOMBRE DE PERSONA
Nombre de persona Pouget, Francisco Amado
9 (RLIN) 21361
245 10 - MENCIÓN DE TÍTULO
Título Instrucciones generales en forma de catecismo
Resto del título en las quales, por la sagrada escritura y tradición, se explica en compendio la historia y los dogmas de la religión, la moral christiana, los sacramentos, la oración, las ceremonias y usos de la iglesia
Mención de responsabilidad, etc. Por el P. Francisco Amado Poguet, Presbítero del Oratorio, Doctor de la Soborna y Abad de Chambon; Traducidas ahora nuevamente en Castellano sobre la Edición original del 1702, con acuerdo del Excmo. Sr. D. Francisco Antonio Lorenzana, Arzobispo de Toledo, Primado de las Españas: po D. Francisco Antonio de Escartin y Carrea.
260 ## - PUBLICACIÓN, DISTRIBUCIÓN, ETC.
Lugar de publicación, distribución, etc. Madrid
Nombre del editor, distribuidor, etc. En la Imprenta Real
Fecha de publicación, distribución, etc. 1784
300 ## - DESCRIPCIÓN FÍSICA
Extensión 415 p. (t.2)
Dimensiones 20 x 14.3 cm.
500 ## - NOTA GENERAL
Nota general Contiene: con dos catecismos abreviados para uso de los niños
500 ## - NOTA GENERAL
Nota general Estado físico: presenta encuadernación en pergamino, con lomo desprendido
700 1# - PUNTO DE ACCESO ADICIONAL--NOMBRE DE PERSONA
Nombre de persona Lorenzana, Francisco Antonio
9 (RLIN) 21787
700 1# - PUNTO DE ACCESO ADICIONAL--NOMBRE DE PERSONA
Nombre de persona Escartin y Carrera, Francisco Antonio de
9 (RLIN) 21788
902 ## - CATALOGADOR
Iniciales CFM
942 ## - ELEMENTOS DE PUNTO DE ACCESO ADICIONAL (KOHA)
Fuente del sistema de clasificación o colocación Library of Congress Classification
Tipo de ítem Koha Libros
Holdings
Estado de retiro Estado de pérdida Estado dañado No para préstamo Localización permanente Ubicación/localización actual Fecha de adquisición Total de préstamos Signatura topográfica completa Código de barras Fecha visto por última vez Precio válido a partir de Tipo de ítem Koha
El ejemplar forma parte de la colección y puede ser consultado según las políticas vigentes.       Biblioteca del Museo Franz Mayer (Rogerio Casas-Alatriste) Biblioteca del Museo Franz Mayer (Rogerio Casas-Alatriste) 10/03/2017   BE112 .P68 1784 CFM00084 22/03/2019 22/03/2019 Libros